Sudden Death Capitals Of Asia - Statistics

General Stats
  • This quiz has been taken 116 times
  • The average score is 6 of 12
Answers on the Grid
Answers color-coded by a green-red scale on the quiz's grid according to % correct below.
Male
Mecca
Jerusalem
Beijing
Bombay
Colombo
Doha
New Dehli
Ho Chin Minh City
Jakrata
Manama
Bahrain City
Istanbul
Yerevan
Baku
Georgia City
Busan
Osaka
Vientiane
Darussalam
Baghdad
Tbilisi
 
Answer Stats
Answer % Correct
Beijing
81%
New Dehli
74%
Doha
62%
Jerusalem
62%
Baghdad
58%
Male
53%
Baku
50%
Vientiane
50%
Tbilisi
49%
Yerevan
39%
Manama
36%
Colombo
16%
No matching quizzes found
Score Distribution
Percent of People with Each Score
Percentile by Number Answered
Your Score History
You have not taken this quiz